000 00210nam a22001217a 4500
040 _cHS
082 _a641
100 _aNA
245 _ales viandes
260 _aParis
_bNA
_cNA
300 _a214p.
942 _cFB
999 _c8735
_d8735